El exilio y el reino / (Registro nro. 15771)

000 -CABECERA
campo de control de longitud fija 01104nam a22002657a 4500
003 - IDENTIFICADOR DEL NÚMERO DE CONTROL
campo de control OSt
005 - FECHA Y HORA DE LA ÚLTIMA TRANSACCIÓN
campo de control 20250127192926.0
008 - DATOS DE LONGITUD FIJA--INFORMACIÓN GENERAL
campo de control de longitud fija 250127b ||||| |||| 00| 0 spa d
020 ## - NÚMERO INTERNACIONAL ESTÁNDAR DEL LIBRO
Número Internacional Estándar del Libro 9786287641143
040 ## - FUENTE DE LA CATALOGACIÓN
Centro/agencia transcriptor CO-MqBPB
082 ## - NÚMERO DE LA CLASIFICACIÓN DECIMAL DEWEY
Número de clasificación AC
Número de documento/Ítem CAMe
100 1# - ENTRADA PRINCIPAL--NOMBRE DE PERSONA
Nombre de persona Camus, Albert,
Término indicativo de función/relación autor
245 13 - MENCIÓN DE TÍTULO
Título El exilio y el reino /
Mención de responsabilidad, etc. Albert Camus
250 ## - MENCIÓN DE EDICIÓN
Mención de edición Primera edición, primera impresión
264 ## - PRODUCCIÓN, PUBLICACIÓN, DISTRIBUCIÓN, FABRICACIÓN Y COPYRIGHT
Producción, publicación, distribución, fabricación y copyright Bogotá ;
Nombre del de productor, editor, distribuidor, fabricante Penguin Random House :
Fecha de producción, publicación, distribución, fabricación o copyright 2023
300 ## - DESCRIPCIÓN FÍSICA
Extensión 169 paginas.
Dimensiones 19 cm
490 ## - MENCIÓN DE SERIE
Mención de serie Debolsillo, contemporánea
500 ## - NOTA GENERAL
Nota general El exilio y el reino (L'Exil et le royaume), 1957, es una colección de seis cuentos escritos por el autor francés Albert Camus. El hilo conductor sigue un mismo propósito ético y estético, la fraternidad humana, el sentido de la existencia, y la añoranza de un universo moral que nos proteja del destructivismo ético y social.
546 ## - NOTA DE LENGUA/LENGUAJE
Nota de lengua/lenguaje El exilio y el reino (L'Exil et le royaume)
586 ## - NOTA DE PREMIOS
Nota de premios Premio Nobel de Literatura
650 ## - PUNTO DE ACCESO ADICIONAL DE MATERIA--TÉRMINO DE MATERIA
Fuente del encabezamiento o término Cuentos
Subdivisión geográfica Francesa
650 ## - PUNTO DE ACCESO ADICIONAL DE MATERIA--TÉRMINO DE MATERIA
Fuente del encabezamiento o término Cuentos
Subdivisión cronológica Siglo XX
700 ## - PUNTO DE ACCESO ADICIONAL--NOMBRE DE PERSONA
Fechas asociadas al nombre Manuel de Lope
Término indicativo de función/relación Traductor
942 ## - ELEMENTOS DE PUNTO DE ACCESO ADICIONAL (KOHA)
Fuente del sistema de clasificación o colocación
Tipo de ítem Koha Libro Literatura
Existencias
Estado de retiro Estado de pérdida Fuente del sistema de clasificación o colocación Estado dañado No para préstamo Código de colección Localización permanente Ubicación/localización actual Ubicación en estantería Fecha de adquisición Fuente de adquisición Número de inventario Total de préstamos Renovaciones totales Signatura topográfica completa Código de barras Fecha visto por última vez Fecha del último préstamo Número de copia Precio válido a partir de Tipo de ítem Koha Nota pública
          Literatura Adulto Biblioteca Pública San Juan Bosco Biblioteca Pública San Juan Bosco Literatura 27/01/2025 Compra 2024 NT 1 1 AC CAMe MOS504234 03/09/2025 15/08/2025 Ej 1 27/01/2025 Libro Literatura Quince dias
          Literatura Adulto Biblioteca Pública San Juan Bosco Biblioteca Pública San Juan Bosco Literatura 27/01/2025 Compra 2024 NT     AC CAMe MOS504235 27/01/2025   Ej 2 27/01/2025 Libro Literatura Quince dias

© Todos los derechos reservados para la Biblioteca Pública Municipal San Juan Bosco, 2020
Secretaria de Cultura de Mosquera
Carrera 3 N° 10 Esquina Centro Cultural Barrio El Carmén Teléfono: 8270830 Ext: 34
Funcionando con KOHA
Contacto: Biblioteca Pública Municipal San Juan Bosco/ bibliotecasanjuanbosco@mosquera-cundinamarca.gov.co
Mosquera, Cundinamarca